Metro do Porto - estações - Statistics

Estatísticas Gerais
  • Esse quiz foi jogado 158 vezes
  • A pontuação média é 33 de 85
Estatísticas das Respostas
Dica Estação % Correto
TN Trindade
91%
CP Campanhã
82%
SB São Bento
80%
ED Estádio do Dragão
78%
PV Póvoa de Varzim
78%
CDM Casa da Música
76%
SH Senhora da Hora
71%
BL Bolhão
68%
VDC Vila do Conde
68%
CM Carolina Michaelis
67%
HSJ Hospital São João
67%
LP Lapa
67%
VO Viso/Via Rápida
66%
C24 Campo 24 de Agosto
63%
SM Senhor de Matosinhos
63%
FZ Fânzeres
62%
AD Aliados
61%
IP IPO
61%
MQ Marquês
61%
RM Ramalde
59%
SB Norteshopping/Sete Bicas
58%
JM Jardim do Morro
56%
CB Combatentes
54%
PU Polo Universitário
54%
AE Aeroporto
53%
FC Francos
53%
HM Heroísmo
53%
SL Salgueiros
53%
SO Santo Ovídio
53%
GT General Torres
51%
FG Faria Guimarães
48%
MS Matosinhos Sul
47%
VD Vila D'este
47%
RT Rio Tinto
46%
EM Estádio do Mar
44%
CG Câmara Gaia
42%
IM Ismai
39%
PH Pedro Hispano
39%
VC VC Fashion Outlet/Modivas
39%
CM Câmara Matosinhos
38%
JD João de Deus
35%
MC Mercado
35%
DJ D. João II
34%
FDC Fonte do Cuco
33%
PR Pedras Rubras
33%
CM Contumil
32%
AV Árvore
30%
AZ Azurara
30%
VZ Varziela
29%
MS Modivas Sul
28%
VG Vasco da Gama
28%
VE Verdes
28%
CS Custóias
27%
MD Mindelo
27%
FM Fórum Maia
25%
HSS Hospital Santos Silva
25%
PF Portas Fronhas
25%
BC Brito Capelo
24%
ML Manuel Leão
24%
MC Modivas Centro
24%
LV Levada
23%
LD Lidador
23%
NS Nasoni
23%
PR Parque Real
23%
CM Castêlo da Maia
22%
PM Parque Maia
20%
BG Baguim
19%
CAI Campainha
19%
SC Santa Clara
19%
BT Botica
18%
ES Esposade
18%
SB São Brás
18%
NV Nau Vitória
16%
EN Espaço Natureza
15%
VDP Vilar do Pinheiro
15%
CI Custió
14%
ZI Zona Industrial
14%
AP Alto de Pega
11%
VN Venda Nova
11%
PA Pias
10%
CRR Carreira
9%
AU Araújo
8%
CDR Cândido dos Reis
8%
CT Crestins
8%
MD Mandim
5%
Nenhum quiz correspondente encontrado
Distribuição das Pontuações
Porcentagem de Pessoas com Cada Pontuação
Percentil de Números Respondidos
Sua Pontuação Histórica
Você não jogou esse quiz